| 000 | 00457nam a2200133Ia 4500 | ||
|---|---|---|---|
| 005 | 20260328104250.0 | ||
| 008 | 260328s9999||||xx |||||||||||||| ||und|| | ||
| 100 | _aAtuesta Reyes, Juan David | ||
| 245 | 0 |
_aPropuesta de entorno digital como herramienta pedagógica para la interacción docentes-Estudiantes en Diseño Industrial / _cJuan David Atuesta Reyes |
|
| 260 | _bAcademia Española | ||
| 300 | _a180 p. | ||
| 650 | _aDISEÑO INDUSTRIAL | ||
| 942 | _cBK | ||
| 999 |
_c10211 _d10211 |
||